Statistiques concernant Titres de chansons contenant le mot étoile

Cliquez ici pour prendre le quiz!

Statistiques générales

  • Ce quiz a été pris 105 fois
  • Le résultat moyen est 2 sur 17

Statistiques - réponses

ChanteurTitre% Correct
Gold (1986)Plus près des étoiles
66%
Simon et les Modanais (1988)Etoile des neiges
63%
Grégoire (2008)Rue des étoiles
53%
Céline Dion (2016)L'étoile
19%
Joe Dassin (1969)Ma bonne étoile
19%
Michel Polnareff (1967)Sous quelle étoile suis je né
6%
Niagara (1992)La fin des étoiles
3%
Tino Rossi (1936)Tant qu'il y aura des étoiles
3%
Véronique Sanson (1999)D'un papillon à une étoile
2%
Les Compagnons de la chanson (1970)L'étoile filante
2%
Juliette Greco (2002)A la belle étoile
1%
Eddy Mitchell (1999)Décrocher les étoiles
1%
Richard Anthony (1989)Il faut croire aux étoiles
1%
Mireille Mathieu (1969)La première étoile
1%
Demis Roussos (1972)Le peintre des étoiles
0%
Pascal Danel (2014)Putain d'étoile
0%
Les Compagnons de la chanson (1962)Telstar une étoile en plein jour
0%

Distribution des résultats

Percentile par nombre de réponses

% des personnes avec chaque résultat

Votre développement - résultats

Vous n’avez pas pris ce quiz